La guerra del 47 : (Registro nro. 40458)
[ vista simple ]
| 000 -LEADER | |
|---|---|
| fixed length control field | 01138cam a2200313 i 4500 |
| 001 - CONTROL NUMBER | |
| control field | 40458 |
| 003 - CONTROL NUMBER IDENTIFIER | |
| control field | Mx-PuUPA |
| 005 - DATE AND TIME OF LATEST TRANSACTION | |
| control field | 20241113115815.0 |
| 008 - FIXED-LENGTH DATA ELEMENTS--GENERAL INFORMATION | |
| fixed length control field | 140415s1976 mx gr 000 0 spa d |
| 040 ## - CATALOGING SOURCE | |
| Original cataloging agency | Mx-PuUPA |
| Transcribing agency | Mx-PuUPA |
| Language of cataloging | spa |
| Modifying agency | Mx-PuUPA |
| Description conventions | rda |
| 041 0# - LANGUAGE CODE | |
| Language code of text/sound track or separate title | spa |
| 100 1# - MAIN ENTRY--PERSONAL NAME | |
| Personal name | López y Rivas, Gilberto, |
| 9 (RLIN) | 16442 |
| Relator term | autor |
| 245 13 - TITLE STATEMENT | |
| Title | La guerra del 47 : |
| Remainder of title | y la resistencia popular a la ocupación / |
| Statement of responsibility, etc. | Gilberto López y Rivas |
| 246 3# - VARYING FORM OF TITLE | |
| Title proper/short title | La Guerra del cuarenta y siete : |
| Remainder of title | y la resistencia popular a la ocupación. |
| 250 ## - EDITION STATEMENT | |
| Edition statement | Primera edición |
| 264 #1 - PRODUCTION, PUBLICATION, DISTRIBUTION, MANUFACTURE, AND COPYRIGHT NOTICE | |
| Place of production, publication, distribution, manufacture | México, D. F. : |
| Name of producer, publisher, distributor, manufacturer | Editorial Nuestro Tiempo, |
| Date of production, publication, distribution, manufacture, or copyright notice | 1976 |
| 300 ## - PHYSICAL DESCRIPTION | |
| Extent | 207 páginas ; |
| Dimensions | 18 cm |
| 336 ## - CONTENT TYPE | |
| Fuente | rdacontent |
| Content type term | texto |
| Content type code | txt |
| 337 ## - MEDIA TYPE | |
| Source | rdamedia |
| Media type term | sin medio |
| Media type code | n |
| 338 ## - CARRIER TYPE | |
| Source | rdacarrier |
| Carrier type term | volumen |
| Carrier type code | nc |
| 490 0# - SERIES STATEMENT | |
| Series statement | Colección Teoría e Historia |
| 651 #4 - SUBJECT ADDED ENTRY--GEOGRAPHIC NAME | |
| Geographic name | México |
| General subdivision | Historia |
| -- | Guerra con Estados Unidos |
| Chronological subdivision | 1845-1848 |
| 651 #4 - SUBJECT ADDED ENTRY--GEOGRAPHIC NAME | |
| Geographic name | Estados Unidos |
| General subdivision | Expansión territorial |
| 651 #4 - SUBJECT ADDED ENTRY--GEOGRAPHIC NAME | |
| Geographic name | México |
| General subdivision | Historia |
| -- | Invasión norteamericana |
| Chronological subdivision | 1846-1848 |
| 942 ## - ADDED ENTRY ELEMENTS (KOHA) | |
| Source of classification or shelving scheme | Dewey Decimal Classification |
| Koha item type | Libro |
| Classification part | 972.05 |
| Item part | L86 |
| Withdrawn status | Lost status | Source of classification or shelving scheme | Damaged status | Not for loan | Collection code | Home library | Current library | Shelving location | Date acquired | Source of acquisition | Total Checkouts | Full call number | Barcode | Date last seen | Price effective from | Koha item type |
|---|---|---|---|---|---|---|---|---|---|---|---|---|---|---|---|---|
| Dewey Decimal Classification | General | Centro de Estudios Guadalupanos | Centro de Estudios Guadalupanos | Sala general | 03/12/2013 | 972.05 L86 1976 | 62419 | 05/01/2026 | 03/12/2013 | Libro |